| 000 | 01200nam2a22002411 4500 | ||
|---|---|---|---|
| 001 | RU\NLR\INFOCOMM7\5000017384 | ||
| 005 | 20250617021954.0 | ||
| 035 | _a(NLR Aleph) 002373536 | ||
| 090 |
_a4579598 _c4579598 |
||
| 100 | _a20041202d1982 |||y0rusy50 ca | ||
| 101 | 0 | _arus | |
| 102 | _aRU | ||
| 105 | _ay ||||000|y | ||
| 200 | 1 |
_aПрименение суперпластификаторов в бетон _eОтеч. и зарубеж. опыт |
|
| 210 |
_d1982 _aБ. м. |
||
| 461 | 0 |
_1001RU\NLR\INFOCOMM7\5000017347 _12001#$aСтроительство и архитектура$eОбзор. информ.$hСерия 7$i"Строительные материалы и изделия"$fВНИИ информ. по стр-ву и архитектуре$v1982, Вып.2 _94579056 _cМ. _d1981- _fВНИИ информ. по стр-ву и архитектуре _hСерия 7 _i"Строительные материалы и изделия" _oОбзор. информ. _tСтроительство и архитектура _v1982, Вып.2 |
|
| 801 | 1 |
_aRU _bInfoComm _c20041207 |
|
| 801 | 0 |
_aRU _bNLR _gPSBO |
|
| 852 |
_aNLR _jП10/5886 |
||
| 942 | _cISSUE | ||
| 980 | _aNB | ||
| 980 | _aRUSPER | ||